| 000 | 00517nam a2200181Ia 4500 | ||
|---|---|---|---|
| 005 | 20220726104859.0 | ||
| 008 | 131103s9999 xx 000 0 und d | ||
| 040 | _aLoreto College | ||
| 041 | _aEnglish | ||
| 082 |
_a526.9 _bBAG |
||
| 100 | _aBagchi, K. | ||
| 245 |
_aDiagnostic survey of rarh bengal _cK. Bagchi and K. N. Mukherjee |
||
| 260 |
_aCalcutta _bDepartment of Geography _c[1980] |
||
| 300 |
_a74 p. _b ill., maps,tables |
||
| 650 | _aMathematical Geographical Servey - | ||
| 850 | _aLCLIB | ||
| 942 | _cBK | ||
| 999 |
_c661 _d51140 |
||